|
|
|
|
| LEADER |
00000nla2a2200000 4500 |
| 001 |
236388 |
| 005 |
20231221103009.0 |
| 035 |
|
|
|a (RuTPU)RU\TPU\book\257549
|
| 035 |
|
|
|a RU\TPU\book\257545
|
| 090 |
|
|
|a 236388
|
| 100 |
|
|
|a 20130424d2012 k y0rusy50 ca
|
| 101 |
0 |
|
|a rus
|
| 102 |
|
|
|a RU
|
| 105 |
|
|
|a y z 101zy
|
| 135 |
|
|
|a drcn ---uucaa
|
| 181 |
|
0 |
|a i
|
| 182 |
|
0 |
|a b
|
| 200 |
1 |
|
|a Исследование влияния давления азота на дисперсность частиц нитрида титана
|f А. А. Евдокимов, Д. Ю. Герасимов, А. И. Усиков
|g науч. рук. А. А. Сивков
|d Research of influence of nitrogen pressure on titanium nitride particles dispersion
|
| 203 |
|
|
|a Текст
|c электронный
|
| 215 |
|
|
|a 1 файл(527 Кб)
|
| 225 |
1 |
|
|a Физика
|
| 300 |
|
|
|a Заглавие с экрана
|
| 320 |
|
|
|a [Библиогр.: с. 97 (2 назв.)]
|
| 330 |
|
|
|a This work is devoted interrelation research between dispersion of a product plasma chemical synthesis and pressure of nitrogen in the reactionary chamber where the given product has been received.
|
| 337 |
|
|
|a Adobe Reader
|
| 463 |
|
1 |
|0 (RuTPU)RU\TPU\book\256864
|t Перспективы развития фундаментальных наук
|o сборник научных трудов IX Международной конференция студентов и молодых ученых, г. Томск, 24-27 апреля 2012 г.
|f Национальный исследовательский Томский политехнический университет (ТПУ)
|v [С. 95-97]
|l Prospects of fundamental sciences development
|d 2012
|
| 510 |
1 |
|
|a Research of influence of nitrogen pressure on titanium nitride particles dispersion
|z eng
|
| 610 |
1 |
|
|a электронный ресурс
|
| 610 |
1 |
|
|a труды учёных ТПУ
|
| 610 |
1 |
|
|a исследование
|
| 610 |
1 |
|
|a давление
|
| 610 |
1 |
|
|a азот
|
| 610 |
1 |
|
|a дисперсные материалы
|
| 610 |
1 |
|
|a нитрид титана
|
| 700 |
|
1 |
|a Евдокимов
|b А. А.
|c специалист в области электроснабжения промышленных предприятий
|c инженер-проектировщик Томского политехнического университета
|f 1987-
|g Андрей Анатольевич
|3 (RuTPU)RU\TPU\pers\27065
|
| 701 |
|
1 |
|a Герасимов
|b Д. Ю.
|c специалист в области электроэнергетики
|c доцент Томского политехнического университета, кандидат технических наук
|f 1980-
|g Дмитрий Юрьевич
|3 (RuTPU)RU\TPU\pers\26563
|9 12252
|
| 701 |
|
1 |
|a Усиков
|b А. И.
|c специалист в области электроснабжения промышленных предприятий
|c техник-проектировщик Томского политехнического университета
|f 1989-
|g Антон Иванович
|3 (RuTPU)RU\TPU\pers\29957
|
| 702 |
|
1 |
|a Сивков
|b А. А.
|c специалист в области электроэнергетики
|c профессор Томского политехнического университета, доктор технических наук
|f 1951-
|g Александр Анатольевич
|4 727
|
| 801 |
|
1 |
|a RU
|b 63413507
|c 20101016
|
| 801 |
|
2 |
|a RU
|b 63413507
|c 20131016
|g RCR
|
| 856 |
4 |
|
|u http://www.lib.tpu.ru/fulltext/c/2012/C21/028.pdf
|
| 942 |
|
|
|c CF
|